<?xml version="1.0" encoding="UTF-8"?>
<record
    xmlns:xsi="http://www.w3.org/2001/XMLSchema-instance"
    xsi:schemaLocation="http://www.loc.gov/MARC21/slim http://www.loc.gov/standards/marcxml/schema/MARC21slim.xsd"
    xmlns="http://www.loc.gov/MARC21/slim">

  <leader>00649nam a22001577a 4500</leader>
  <controlfield tag="003">OSt</controlfield>
  <controlfield tag="005">20160215160910.0</controlfield>
  <controlfield tag="008">160215b        xxu||||| |||| 00| 0 eng d</controlfield>
  <datafield tag="040" ind1=" " ind2=" ">
    <subfield code="c">RUA</subfield>
  </datafield>
  <datafield tag="082" ind1=" " ind2=" ">
    <subfield code="a">MGR NUT 2010 B397 Or.1</subfield>
  </datafield>
  <datafield tag="100" ind1=" " ind2=" ">
    <subfield code="9">7199</subfield>
    <subfield code="a">NUTH SALAN; &#x1793;&#x17BB;&#x178F; &#x179F;&#x17B6;&#x17A1;&#x1793;</subfield>
  </datafield>
  <datafield tag="245" ind1=" " ind2=" ">
    <subfield code="a">Role of credit for rural development in prah sdach district prey veng province, &#x178F;&#x17BD;&#x1793;&#x17B6;&#x1791;&#x17B8;&#x17A5;&#x178E;&#x1791;&#x17B6;&#x1793;&#x1780;&#x17D2;&#x1793;&#x17BB;&#x1784;&#x1780;&#x17B6;&#x179A;&#x17A2;&#x1797;&#x17B7;&#x179C;&#x178C;&#x17D2;&#x178D;&#x1793;&#x17CD;&#x1787;&#x1793;&#x1794;&#x1791; &#x1793;&#x17C5;&#x179F;&#x17D2;&#x179A;&#x17BB;&#x1780;&#x1796;&#x17D2;&#x179A;&#x17C7;&#x179F;&#x17D2;&#x178A;&#x17C1;&#x1785; &#x1781;&#x17C1;&#x178F;&#x17D2;&#x178F;&#x1796;&#x17D2;&#x179A;&#x17C3;&#x179C;&#x17C2;&#x1784;</subfield>
  </datafield>
  <datafield tag="260" ind1=" " ind2=" ">
    <subfield code="a">Phnom Penh</subfield>
    <subfield code="b">RUA</subfield>
    <subfield code="c">2010</subfield>
  </datafield>
  <datafield tag="300" ind1=" " ind2=" ">
    <subfield code="a">xiii ;69p.</subfield>
    <subfield code="b">ill.</subfield>
    <subfield code="c">29cm.</subfield>
  </datafield>
  <datafield tag="942" ind1=" " ind2=" ">
    <subfield code="2">ddc</subfield>
    <subfield code="c">NRM</subfield>
  </datafield>
  <datafield tag="999" ind1=" " ind2=" ">
    <subfield code="c">6767</subfield>
    <subfield code="d">6767</subfield>
  </datafield>
  <datafield tag="952" ind1=" " ind2=" ">
    <subfield code="0">0</subfield>
    <subfield code="1">0</subfield>
    <subfield code="2">ddc</subfield>
    <subfield code="4">0</subfield>
    <subfield code="6">MGR_NUT_2010_000000000000000_B397_OR_1</subfield>
    <subfield code="7">0</subfield>
    <subfield code="9">39002</subfield>
    <subfield code="a">LBB</subfield>
    <subfield code="b">LBB</subfield>
    <subfield code="c">B397</subfield>
    <subfield code="d">2016-02-15</subfield>
    <subfield code="o">MGR NUT 2010 B397 Or.1</subfield>
    <subfield code="p">RUA050559</subfield>
    <subfield code="r">2016-02-15</subfield>
    <subfield code="w">2016-02-15</subfield>
    <subfield code="y">NRM</subfield>
  </datafield>
  <datafield tag="952" ind1=" " ind2=" ">
    <subfield code="0">0</subfield>
    <subfield code="1">0</subfield>
    <subfield code="2">ddc</subfield>
    <subfield code="4">0</subfield>
    <subfield code="6">MGR_NUT_2010_000000000000000_B397_OR_2</subfield>
    <subfield code="7">0</subfield>
    <subfield code="9">39003</subfield>
    <subfield code="a">LBB</subfield>
    <subfield code="b">LBB</subfield>
    <subfield code="c">B397</subfield>
    <subfield code="d">2016-02-15</subfield>
    <subfield code="o">MGR NUT 2010 B397 Or.2</subfield>
    <subfield code="p">RUA050041</subfield>
    <subfield code="r">2016-02-15</subfield>
    <subfield code="w">2016-02-15</subfield>
    <subfield code="y">NRM</subfield>
  </datafield>
  <datafield tag="952" ind1=" " ind2=" ">
    <subfield code="0">0</subfield>
    <subfield code="1">0</subfield>
    <subfield code="2">ddc</subfield>
    <subfield code="4">0</subfield>
    <subfield code="6">MGR_NUT_2010_000000000000000_B397_OR_3</subfield>
    <subfield code="7">0</subfield>
    <subfield code="9">39004</subfield>
    <subfield code="a">LBB</subfield>
    <subfield code="b">LBB</subfield>
    <subfield code="c">B397</subfield>
    <subfield code="d">2016-02-15</subfield>
    <subfield code="o">MGR NUT 2010 B397 Or.3</subfield>
    <subfield code="p">RUA048269</subfield>
    <subfield code="r">2016-02-15</subfield>
    <subfield code="w">2016-02-15</subfield>
    <subfield code="y">NRM</subfield>
  </datafield>
  <datafield tag="952" ind1=" " ind2=" ">
    <subfield code="0">0</subfield>
    <subfield code="1">0</subfield>
    <subfield code="2">ddc</subfield>
    <subfield code="4">0</subfield>
    <subfield code="6">MGR_NUT_2010_000000000000000_B397_OR_4</subfield>
    <subfield code="7">0</subfield>
    <subfield code="9">39005</subfield>
    <subfield code="a">LBB</subfield>
    <subfield code="b">LBB</subfield>
    <subfield code="c">B397</subfield>
    <subfield code="d">2016-02-15</subfield>
    <subfield code="o">MGR NUT 2010 B397 Or.4</subfield>
    <subfield code="p">RUA048967</subfield>
    <subfield code="r">2016-02-15</subfield>
    <subfield code="w">2016-02-15</subfield>
    <subfield code="y">NRM</subfield>
  </datafield>
  <datafield tag="952" ind1=" " ind2=" ">
    <subfield code="0">0</subfield>
    <subfield code="1">0</subfield>
    <subfield code="2">ddc</subfield>
    <subfield code="4">0</subfield>
    <subfield code="6">MGR_NUT_2010_000000000000000_B397_OR_5</subfield>
    <subfield code="7">0</subfield>
    <subfield code="9">39006</subfield>
    <subfield code="a">LBB</subfield>
    <subfield code="b">LBB</subfield>
    <subfield code="c">B397</subfield>
    <subfield code="d">2016-02-15</subfield>
    <subfield code="o">MGR NUT 2010 B397 Or.5</subfield>
    <subfield code="p">RUA049553</subfield>
    <subfield code="r">2016-02-15</subfield>
    <subfield code="w">2016-02-15</subfield>
    <subfield code="y">NRM</subfield>
  </datafield>
  <datafield tag="952" ind1=" " ind2=" ">
    <subfield code="0">0</subfield>
    <subfield code="1">0</subfield>
    <subfield code="2">ddc</subfield>
    <subfield code="4">0</subfield>
    <subfield code="6">MGR_NUT_2010_000000000000000_B397_OR_6</subfield>
    <subfield code="7">0</subfield>
    <subfield code="9">39007</subfield>
    <subfield code="a">LBB</subfield>
    <subfield code="b">LBB</subfield>
    <subfield code="c">B397</subfield>
    <subfield code="d">2016-02-15</subfield>
    <subfield code="o">MGR NUT 2010 B397 Or.6</subfield>
    <subfield code="p">RUA050321</subfield>
    <subfield code="r">2016-02-15</subfield>
    <subfield code="w">2016-02-15</subfield>
    <subfield code="y">NRM</subfield>
  </datafield>
  <datafield tag="952" ind1=" " ind2=" ">
    <subfield code="0">0</subfield>
    <subfield code="1">0</subfield>
    <subfield code="2">ddc</subfield>
    <subfield code="4">0</subfield>
    <subfield code="6">MGR_NUT_2010_000000000000000_B397_OR_7</subfield>
    <subfield code="7">0</subfield>
    <subfield code="9">39008</subfield>
    <subfield code="a">LBB</subfield>
    <subfield code="b">LBB</subfield>
    <subfield code="c">B397</subfield>
    <subfield code="d">2016-02-15</subfield>
    <subfield code="o">MGR NUT 2010 B397 Or.7</subfield>
    <subfield code="p">RUA050086</subfield>
    <subfield code="r">2016-02-15</subfield>
    <subfield code="w">2016-02-15</subfield>
    <subfield code="y">NRM</subfield>
  </datafield>
  <datafield tag="952" ind1=" " ind2=" ">
    <subfield code="0">0</subfield>
    <subfield code="1">0</subfield>
    <subfield code="2">ddc</subfield>
    <subfield code="4">0</subfield>
    <subfield code="6">MGR_NUT_2010_000000000000000_B397_OR_8</subfield>
    <subfield code="7">0</subfield>
    <subfield code="9">48958</subfield>
    <subfield code="a">LBB</subfield>
    <subfield code="b">LBB</subfield>
    <subfield code="d">2016-08-08</subfield>
    <subfield code="o">MGR NUT 2010 B397 Or.8</subfield>
    <subfield code="p">RUA060898</subfield>
    <subfield code="r">2016-08-08</subfield>
    <subfield code="w">2016-08-08</subfield>
    <subfield code="y">NRM</subfield>
  </datafield>
  <datafield tag="952" ind1=" " ind2=" ">
    <subfield code="0">0</subfield>
    <subfield code="1">0</subfield>
    <subfield code="2">ddc</subfield>
    <subfield code="4">0</subfield>
    <subfield code="6">MGR_NUT_2010_000000000000000_B397_OR_8</subfield>
    <subfield code="7">0</subfield>
    <subfield code="9">49999</subfield>
    <subfield code="a">LBB</subfield>
    <subfield code="b">LBB</subfield>
    <subfield code="d">2016-08-19</subfield>
    <subfield code="o">MGR NUT 2010 B397 Or.8</subfield>
    <subfield code="p">RUA060355</subfield>
    <subfield code="r">2016-08-19</subfield>
    <subfield code="w">2016-08-19</subfield>
    <subfield code="y">NRM</subfield>
  </datafield>
</record>
